000
00307nam a22001337a 4500
008
170907b xxu||||| |||| 00| 0 eng d
020
_a
9780130827319
041
_a
eng
080
_2
6TH
_a
72
100
_a
41
101
_a
ARK
245
_a
CONCTRUCTION PROJECT ADMINISTRATION
_c
FISK,E.R
942
_2
udc
_c
BK
999
_c
26448
_d
26448